00481nam a2200169Ia 4500003000900000008004100009020001800050040001600068080001500084100002200099245005100121260003500172300001500207650004100222650002400263650002400287IN-BaIIA211028s9999 xx 000 0 eng d a0-12-763450-9 cIIA Library a539.2bWOO aWooten, Frederick 0aOptical properties of solidscFrederick Wooten aNew YorkbAcademic Pressc1972 axii, 260p. aAstronomy and astrophysics thesaurus aDielectric function aSolid state physics